| 000 | 00479nam a2200181Ia 4500 | ||
|---|---|---|---|
| 005 | 20250606132144.0 | ||
| 008 | 008 250516s9999 xx 000 0 eng d | ||
| 020 | _a9781780321684 | ||
| 040 |
_beng _cSDCL |
||
| 041 |
_aeng _2eng |
||
| 084 | _aX9(F555).1'N8 Q3 | ||
| 100 | _aUrry, John | ||
| 245 | 0 |
_aSocieties beyond oil : _bOil dregs and social futures |
|
| 260 |
_aLondon : _bZed Books, _c2013. |
||
| 300 | _aviii, 296p. | ||
| 650 | _aReference | ||
| 942 |
_cTEXL _2CC |
||
| 999 |
_c1429866 _d1429866 |
||